000 00228 a2200097 4500
001 49498
100 _aWaterton
245 _aAdventures of Joseph Andrews
260 _aLondon
_bOxford university press
_c
090 _c32029
_d32029
942 _aNUST-CAE
_cM
_c24480
999 _c284571
_d284571